El futuro de Puebla: repercusión social y eclesial

Gardado en:
Detalles Bibliográficos
Autor Principal: Alessandri Morandé, Hernán (Author)
Formato: Libro
Idioma:Lingua castelá
Publicado: Buenos Aires Paulinas 1980
Subjects:
Tags: Engadir etiqueta
Sen Etiquetas, Sexa o primeiro en etiquetar este rexistro!

MARC

LEADER 00000nam a2200000 a 4500
001 UCX7287
003 CL-VaPUC
008 931204e19800000AG |||||||||||||||||spa|d
082 0 4 |a 262.3  |b ALE  |2 21 
100 0 |a Alessandri Morandé, Hernán  |e author  |9 324096 
245 1 3 |a El futuro de Puebla: repercusión social y eclesial 
300 |a pág. irreg 
942 |c BK 
945 |d 19931204 00:00:00  |a aalvarez 
260 |a Buenos Aires  |b Paulinas  |c 1980 
650 7 |a CONFERENCIA GENERAL DEL EPISCOPADO LATINOAMERICANO  |2 CL-VaPUC  |9 324097 
650 7 |a EVANGELIZACION  |2 CL-VaPUC  |9 324098 
651 0 |a América Latina   |9 255027 
999 |c 227144  |d 227142 
583 |k Rodrigo Vera 
952 |0 0  |1 0  |4 0  |6 262_300000000000000_ALE_1980  |7 0  |8 A  |9 225953  |a BIBDER  |b BIBDER  |d 2019-11-15  |i 2948486  |o 262.3 ALE 1980  |p 2948486  |r 2023-01-25  |w 2019-11-15  |y BK  |k DER